every episode of house md - Statistics

General Stats
  • This quiz has been taken 101 times
  • The average score is 71 of 117
Answer Stats
Hint Answer % Correct
Chase: House
89%
Chase: | Cuddy: | Foreman: | +3 others i
89%
a
87%
we
87%
the
85%
to
84%
need
82%
patient
82%
you
80%
cure
78%
me
78%
try
75%
drug
73%
in
73%
am
71%
medicine
71%
Foreman: this
71%
are
69%
House: did
69%
House: no
67%
too
67%
vexes
67%
episode
65%
black
64%
man
64%
stupid
64%
have
60%
mouse
58%
bites
56%
he
56%
tried
56%
more
51%
that
51%
people
49%
House: only
47%
bad
42%
is
42%
my
42%
blood
40%
live
40%
nose
40%
not
40%
hygiene
38%
kill
38%
Cameron: thats
38%
will
38%
Patient: also
36%
House: dont
33%
dripping
33%
while
33%
forbid
31%
spoken
31%
thank
31%
very
31%
poor
29%
smart
29%
better
27%
by
27%
doctor
27%
mice
27%
bitten
25%
feel
25%
due
24%
care
22%
down
22%
was
22%
No matching quizzes found
Score Distribution
Percent of People with Each Score
Percentile by Number Answered
Your Score History
You have not taken this quiz